<?xml version="1.0" encoding="UTF-8"?>
<record
    xmlns:xsi="http://www.w3.org/2001/XMLSchema-instance"
    xsi:schemaLocation="http://www.loc.gov/MARC21/slim http://www.loc.gov/standards/marcxml/schema/MARC21slim.xsd"
    xmlns="http://www.loc.gov/MARC21/slim">

  <leader>01476    a2200205   4500</leader>
  <controlfield tag="001">59964</controlfield>
  <controlfield tag="005">20260407155852.0</controlfield>
  <controlfield tag="008">260407a1969    arg                 spa d</controlfield>
  <controlfield tag="003">AR-UNSa-BCEJYS</controlfield>
  <datafield tag="040" ind1=" " ind2=" ">
    <subfield code="a">AR-UNSa-BCEJYS</subfield>
    <subfield code="b">spa</subfield>
    <subfield code="c">AR-UNSa-BCEJYS</subfield>
  </datafield>
  <datafield tag="080" ind1=" " ind2=" ">
    <subfield code="a">340.12</subfield>
    <subfield code="x">Tendencias en la teor&#xED;a del derecho. Escuelas, doctrinas jur&#xED;dicas. Filosof&#xED;a del derecho. Teor&#xED;as sobre el Estado y el derecho
</subfield>
  </datafield>
  <datafield tag="245" ind1="1" ind2="0">
    <subfield code="a">Filosof&#xED;a del derecho constitucional</subfield>
  </datafield>
  <datafield tag="264" ind1=" " ind2="1">
    <subfield code="a">Buenos Aires :</subfield>
    <subfield code="b">EDIAR</subfield>
    <subfield code="c">1969</subfield>
  </datafield>
  <datafield tag="300" ind1=" " ind2=" ">
    <subfield code="a">319 p.</subfield>
    <subfield code="c">20 cm.</subfield>
  </datafield>
  <datafield tag="505" ind1=" " ind2=" ">
    <subfield code="a">1. La teor&#xED;a trialista de Werner Goldschmidt &#x2013; 2. Ser y deber-ser &#x2013; 3. Las conductas y los repartos (y su relaci&#xF3;n con las normas) &#x2013; 4. Las normas &#x2013; 5. El reparto constituyente y los repartos constitucionales &#x2013; 6. La constituci&#xF3;n &#x2013; 7. El derecho espont&#xE1;neo &#x2013; 8. El derecho judicial &#x2013; 9. Validez y vigencia &#x2013; 10. El fraccionamiento del r&#xE9;gimen constitucional &#x2013; 11. El poder constituyente &#x2013; 12. La interpretaci&#xF3;n y la integraci&#xF3;n constitucionales &#x2013; 13. Previsibilidad y coacci&#xF3;n &#x2013; 14. El valor justicia &#x2013; 15. Aspectos de la justicia &#x2013; 16. Los derechos individuales y su declaraci&#xF3;n a la luz del valor justicia &#x2013; 17. La exigencia dikel&#xF3;gica de potencia (derechos) e impotencia (deberes) &#x2013; 18. La injusticia y sus problemas fundamentales &#x2013; 19. Los repartos aut&#xF3;nomos - </subfield>
  </datafield>
  <datafield tag="041" ind1=" " ind2=" ">
    <subfield code="a">spa</subfield>
  </datafield>
  <datafield tag="942" ind1=" " ind2=" ">
    <subfield code="c">BK</subfield>
  </datafield>
  <datafield tag="590" ind1=" " ind2=" ">
    <subfield code="a">niveau_biblio:m niveau_hierar:0</subfield>
  </datafield>
  <datafield tag="100" ind1="1" ind2=" ">
    <subfield code="a">Bidart Campos, German J.</subfield>
  </datafield>
  <datafield tag="999" ind1=" " ind2=" ">
    <subfield code="c">6860</subfield>
    <subfield code="d">6860</subfield>
  </datafield>
  <datafield tag="952" ind1=" " ind2=" ">
    <subfield code="0">0</subfield>
    <subfield code="1">0</subfield>
    <subfield code="4">0</subfield>
    <subfield code="7">0</subfield>
    <subfield code="a">BCEJYS</subfield>
    <subfield code="b">BCEJYS</subfield>
    <subfield code="c">16</subfield>
    <subfield code="d">2026-04-07</subfield>
    <subfield code="l">0</subfield>
    <subfield code="o">340.12 B584</subfield>
    <subfield code="p">L23899</subfield>
    <subfield code="r">2026-04-07 15:58:52</subfield>
    <subfield code="w">2026-04-07</subfield>
    <subfield code="y">L</subfield>
  </datafield>
</record>
